000 00903naa a22002897a 4500
001 BR7804980
003 BR-BrBNA
005 20250714162945.0
007 ta
008 250630b bl.|||m| |||| 00| 0 por d
040 _aBR-BrBNA
_bpor
_cBiblioteca Nacional de Agricultura
041 _a(Pt)
072 _aE30; F00
_b2120
_bG514
090 _aE30 BR7804980
100 1 _aRibeiro, J.V.
245 1 _aPrograma cafe [Coffea spp.; Sergipe; Brasil]
500 _aRelatorio anual 1978 Boquim, SE (Brasil): 1978. p. 123-132 (BR7804980-AMS)
650 _aProjeto de desenvolvimento
650 _aProducao vegetal
650 _aCafe
650 _aAssistencia tecnica
650 _aFinanciamento
650 _aSergipe
490 _aRelatorio - Superintendencia da Agricultura e Producao. Estacao Experimental de Boquim (Brazil)
942 _cAMS
_2AGRIS
909 _a202506
_bLúcia
_c55
_dLúcia Elande
999 _c333127
_d333127